Josefina Vilaseca, la niña que supo defender su pureza / (Record no. 128704)

MARC details
000 -LEADER
campo de control de longitud fija 00650nam a2200193 i 4500
001 - NÚMERO DE CONTROL
campo de control 128704
003 - IDENTIFICADOR DE NÚMERO DE CONTROL
campo de control ES-MaACL
007 - CAMPO FIJO DE DESCRIPCIÓN FÍSICA--INFORMACIÓN GENERAL
campo de control de longitud fija t|
008 - DATOS DE LONGITUD FIJA--INFORMACIÓN GENERAL
campo de control de longitud fija 070523s1953 sp ||||1| spa d
080 ## - NÚMERO DE LA CLASIFICACIÓN DECIMAL UNIVERSAL
Número de la Clasificación Decimal Universal 92(Vilaseca,Josefina)
100 1# - ENTRADA PRINCIPAL--NOMBRE DE PERSONA
Nombre de persona Tarín Iglesias, Josep.
9 (RLIN) 109293
245 10 - MENCIÓN DEL TÍTULO
Título Josefina Vilaseca, la niña que supo defender su pureza /
Mención de responsabilidad, etc. Josep Tarín Iglesias ; prólogo de Juan Perelló Pou, Obispo de Vich.
260 ## - PUBLICACIÓN, DISTRIBUCIÓN, ETC.
Lugar de publicación, distribución, etc. Barcelona :
Nombre del editor, distribuidor, etc. Betis,
Fecha de publicación, distribución, etc. 1953.
300 ## - DESCRIPCIÓN FÍSICA
Extensión 107 p. :
Otras características físicas il. ;
Dimensiones 19 cm.
700 1# - ENTRADA AGREGADA--NOMBRE PERSONAL
Nombre de persona Perelló Pou, Juan,
Fechas asociadas al nombre 1870-1955
9 (RLIN) 86410
Títulos y otros términos asociados al nombre Obispo de Vich,
852 ## - LOCALIZACIÓN
Ubicación ES-MaACL
Número de control de estantería C-6277
Sublocalización o colección R.34876
942 ## - ELEMENTOS DE ENTRADA SECUNDARIOS (KOHA)
Fuente del sistema de clasificación o colocación Clasificación decimal universal
Holdings
Estatus retirado Estado de pérdida Estado de daño No para préstamo Biblioteca de origen Biblioteca actual Ubicación en estantería Fecha de adquisición Fuente de adquisición Total de préstamos Signatura topográfica completa Código de barras Visto por última vez Precio de reemplazo Tipo de ítem Koha
        Biblioteca del Ateneo de Madrid Biblioteca del Ateneo de Madrid Sala Palomar 17/01/2008     C-6277 1134036 23/02/2023 23/02/2023 Libro impreso